[Event "MPA 1580 2024"]
[Site "Sianozety"]
[Date "2024.04.12"]
[Round "6.8"]
[White "Augustyniak, Rafal"]
[Black "Sienczewski, Mariusz"]
[Result "1/2-1/2"]
[BlackElo "1558"]
[WhiteElo "1483"]
[LiveChessVersion "1.4.4"]

1. e4 {[%clk 1:30:57]} c6 {[%clk 1:30:54]} 2. d4 {[%clk 1:31:19]} d5
{[%clk 1:31:19]} 3. e5 {[%clk 1:30:30]} Bf5 {[%clk 1:31:41]} 4. Nf3
{[%clk 1:30:02]} e6 {[%clk 1:32:00]} 5. Nc3 {[%clk 1:29:39]} Nd7 {[%clk 1:32:17]}
6. Ne2 {[%clk 1:28:18]} c5 {[%clk 1:32:04]} 7. Ng3 {[%clk 1:27:31]} Bg4
{[%clk 1:31:22]} 8. c3 {[%clk 1:27:28]} cxd4 {[%clk 1:31:15]} 9. cxd4
{[%clk 1:27:24]} Bb4+ {[%clk 1:30:30]} 10. Bd2 {[%clk 1:27:34]} Bxd2+
{[%clk 1:30:21]} 11. Qxd2 {[%clk 1:27:40]} Bxf3 {[%clk 1:29:41]} 12. gxf3
{[%clk 1:27:55]} h6 {[%clk 1:29:43]} 13. Rc1 {[%clk 1:21:31]} Rc8
{[%clk 1:29:44]} 14. Bb5 Ne7 {[%clk 1:28:53]} 15. Rg1 {[%clk 1:19:52]} Rxc1+
{[%clk 1:27:34]} 16. Qxc1 {[%clk 1:19:42]} O-O {[%clk 1:26:58]} 17. Bxd7
{[%clk 1:18:22]} Qxd7 {[%clk 1:27:12]} 18. Nh5 {[%clk 1:18:31]} Ng6
{[%clk 1:27:23]} 19. Qxh6 {[%clk 1:17:27]} gxh6 {[%clk 1:26:40]} 20. Nf6+
{[%clk 1:17:46]} Kh8 {[%clk 1:26:40]} 21. Nxd7 {[%clk 1:17:51]} Rc8
{[%clk 1:26:57]} 22. Kd2 {[%clk 1:15:18]} Rc4 {[%clk 1:26:57]} 23. Ke3
{[%clk 1:12:05]} Rc2 {[%clk 1:25:07]} 24. Nf6 {[%clk 1:11:53]} a5
{[%clk 1:19:01]} 25. h4 {[%clk 1:12:02]} Rc8 {[%clk 1:19:20]} 26. h5
{[%clk 1:09:23]} Ne7 {[%clk 1:19:32]} 27. Kd3 {[%clk 1:08:10]} b5
{[%clk 1:19:06]} 28. b3 {[%clk 1:08:19]} b4 {[%clk 1:19:08]} 29. f4
{[%clk 1:06:48]} Rc3+ {[%clk 1:17:50]} 30. Kd2 {[%clk 0:56:42]} Rc8
{[%clk 1:10:09]} 31. a3 {[%clk 0:48:15]} Nf5 {[%clk 1:08:48]} 32. axb4
{[%clk 0:47:53]} axb4 {[%clk 1:09:04]} 33. Kd3 {[%clk 0:43:43]} Rc3+
{[%clk 1:09:15]} 34. Kd2 {[%clk 0:44:02]} Rc8 {[%clk 1:09:16]} 35. Kd3
{[%clk 0:43:35]} 1/2-1/2

[Event "MPA 1580 2024"]
[Site "Sianozety"]
[Date "2024.04.12"]
[Round "6.9"]
[White "Chromicz, Andrzej"]
[Black "Burszczan, Piotr"]
[Result "0-1"]
[BlackElo "1553"]
[WhiteElo "1492"]
[LiveChessVersion "1.4.4"]

1. e4 {[%clk 1:30:57]} e5 {[%clk 1:30:57]} 2. Nf3 {[%clk 1:31:18]} Nc6
{[%clk 1:31:23]} 3. Bb5 {[%clk 1:31:38]} d6 {[%clk 1:31:47]} 4. Bxc6+
{[%clk 1:31:41]} bxc6 {[%clk 1:31:59]} 5. h3 {[%clk 1:31:47]} Ne7
{[%clk 1:31:25]} 6. O-O {[%clk 1:31:49]} Ng6 {[%clk 1:30:53]} 7. d4
{[%clk 1:31:37]} Be7 {[%clk 1:30:24]} 8. dxe5 {[%clk 1:31:30]} dxe5
{[%clk 1:30:28]} 9. Qxd8+ {[%clk 1:30:40]} Bxd8 {[%clk 1:30:47]} 10. c4
{[%clk 1:30:09]} Be6 {[%clk 1:30:26]} 11. b3 {[%clk 1:30:23]} O-O
{[%clk 1:30:40]} 12. Bb2 {[%clk 1:30:33]} f6 {[%clk 1:30:20]} 13. Ba3
{[%clk 1:29:34]} Re8 {[%clk 1:30:22]} 14. Nc3 {[%clk 1:29:32]} Nf4
{[%clk 1:29:00]} 15. Kh2 {[%clk 1:28:31]} Be7 {[%clk 1:27:58]} 16. c5
{[%clk 1:28:33]} Nd3 {[%clk 1:27:21]} 17. Na4 {[%clk 1:28:15]} Red8
{[%clk 1:25:30]} 18. Rad1 {[%clk 1:27:05]} a5 {[%clk 1:22:23]} 19. Rd2
{[%clk 1:25:01]} Kf7 {[%clk 1:20:47]} 20. Kg1 {[%clk 1:23:50]} Nb4
{[%clk 1:20:34]} 21. Bxb4 {[%clk 1:23:28]} axb4 {[%clk 1:20:44]} 22. Rfd1
{[%clk 1:23:37]} Rxd2 {[%clk 1:19:35]} 23. Rxd2 {[%clk 1:23:49]} Ra5
{[%clk 1:19:31]} 24. Rc2 {[%clk 1:23:35]} Bc8 {[%clk 1:19:34]} 25. Rc4
{[%clk 1:22:22]} Rb5 {[%clk 1:13:52]} 26. Ne1 {[%clk 1:22:14]} Ba6
{[%clk 1:12:56]} 27. Rc2 {[%clk 1:21:15]} Ra5 {[%clk 1:11:31]} 28. Rd2
{[%clk 1:16:39]} Bb5 {[%clk 1:06:14]} 29. Rd7 {[%clk 1:14:07]} Bxa4
{[%clk 1:05:15]} 30. bxa4 {[%clk 1:14:12]} Rxa4 {[%clk 1:05:12]} 31. Rxc7
{[%clk 1:14:24]} Rxa2 {[%clk 1:05:34]} 32. Rxc6 {[%clk 1:14:35]} b3
{[%clk 1:05:34]} 33. Nf3 {[%clk 1:06:28]} Ra1+ {[%clk 1:01:21]} 34. Kh2
{[%clk 1:06:11]} b2 {[%clk 1:00:57]} 35. Nd2 {[%clk 1:06:14]} Rd1
{[%clk 1:00:56]} 36. Rb6 {[%clk 1:05:28]} Rxd2 {[%clk 0:59:59]} 37. Rb7
{[%clk 1:04:49]} Kg6 {[%clk 0:57:59]} 38. c6 {[%clk 1:02:53]} Rc2
{[%clk 0:54:38]} 39. f3 {[%clk 1:02:36]} Ba3 {[%clk 0:54:18]} 40. h4
{[%clk 1:01:58]} Rxc6 {[%clk 0:54:07]} 41. g4 {[%clk 1:01:35]} Rc1
{[%clk 0:51:28]} 42. Kg3 {[%clk 1:01:30]} b1=Q {[%clk 0:50:48]} 43. h5+
{[%clk 1:01:41]} Kh6 {[%clk 0:50:13]} 0-1

[Event "MPA 1580 2024"]
[Site "Sianozety"]
[Date "2024.04.12"]
[Round "6.10"]
[White "Skudlarski, Piotr"]
[Black "Mucha, Krzysztof"]
[Result "1/2-1/2"]
[BlackElo "1524"]
[WhiteElo "1476"]
[LiveChessVersion "1.4.4"]

1. e4 {[%clk 1:30:13]} c6 {[%clk 1:30:55]} 2. Nc3 {[%clk 1:30:38]} d5
{[%clk 1:31:20]} 3. Nf3 {[%clk 1:30:47]} dxe4 {[%clk 1:31:40]} 4. Nxe4
{[%clk 1:31:10]} Nd7 {[%clk 1:32:01]} 5. Bc4 {[%clk 1:28:10]} Ngf6
{[%clk 1:32:00]} 6. Qe2 {[%clk 1:27:29]} Nxe4 {[%clk 1:31:30]} 7. Qxe4
{[%clk 1:27:29]} Nf6 {[%clk 1:31:51]} 8. Ne5 {[%clk 1:23:38]} e6 {[%clk 1:32:12]}
9. Qe2 {[%clk 1:23:43]} Be7 {[%clk 1:31:19]} 10. O-O {[%clk 1:23:41]} O-O
{[%clk 1:31:44]} 11. c3 {[%clk 1:23:47]} c5 {[%clk 1:29:27]} 12. Re1
{[%clk 1:13:59]} Qc7 {[%clk 1:27:19]} 13. d4 {[%clk 1:06:27]} cxd4
{[%clk 1:24:46]} 14. cxd4 {[%clk 1:06:38]} Bd6 {[%clk 1:06:31]} 15. Bf4
{[%clk 1:02:45]} b6 {[%clk 0:59:05]} 16. Rac1 {[%clk 0:58:04]} Qd8
{[%clk 0:52:45]} 17. Qf3 Bxe5 18. Bxe5 {[%clk 0:39:56]} Nd5 {[%clk 0:35:11]} 19.
Red1 {[%clk 0:38:50]} Bb7 {[%clk 0:32:35]} 20. Qe2 {[%clk 0:34:46]} Qg5
{[%clk 0:28:47]} 21. Qd2 {[%clk 0:22:11]} Qxd2 {[%clk 0:22:13]} 22. Rxd2
{[%clk 0:22:39]} Rfc8 {[%clk 0:22:35]} 23. Rdd1 {[%clk 0:22:17]} a6
{[%clk 0:18:45]} 24. a3 {[%clk 0:17:56]} g6 {[%clk 0:15:54]} 25. h3
{[%clk 0:16:22]} h5 {[%clk 0:15:19]} 26. h4 {[%clk 0:10:50]} b5 {[%clk 0:15:32]}
27. Bxd5 {[%clk 0:10:19]} Bxd5 {[%clk 0:15:49]} 28. Rc5 {[%clk 0:09:42]} Rc6
{[%clk 0:12:42]} 29. Rdc1 {[%clk 0:08:25]} Rac8 {[%clk 0:13:04]} 30. b4
{[%clk 0:08:40]} Kf8 {[%clk 0:10:52]} 31. Bd6+ {[%clk 0:08:03]} Ke8
{[%clk 0:09:33]} 32. Rxc6 {[%clk 0:08:20]} Rxc6 {[%clk 0:09:45]} 33. Rxc6
{[%clk 0:08:32]} 1/2-1/2

[Event "MPA 1580 2024"]
[Site "Sianozety"]
[Date "2024.04.12"]
[Round "6.11"]
[White "Rogala, Marcin"]
[Black "Brzezinski, Piotr"]
[Result "1-0"]
[BlackElo "1425"]
[WhiteElo "1524"]
[LiveChessVersion "1.4.4"]

1. e4 {[%clk 1:30:59]} c6 {[%clk 1:30:58]} 2. d4 {[%clk 1:31:21]} d5
{[%clk 1:31:23]} 3. e5 {[%clk 1:31:46]} Bf5 {[%clk 1:31:32]} 4. h4
{[%clk 1:31:56]} h6 {[%clk 1:30:52]} 5. c4 {[%clk 1:28:57]} e6 {[%clk 1:30:21]}
6. Nc3 {[%clk 1:28:41]} Nd7 {[%clk 1:24:46]} 7. Nf3 {[%clk 1:26:18]} Bb4
{[%clk 1:24:17]} 8. a3 {[%clk 1:25:37]} Be7 {[%clk 1:24:05]} 9. Bd3
{[%clk 1:24:05]} Bxd3 10. Qxd3 dxc4 {[%clk 1:20:55]} 11. Qxc4 {[%clk 1:24:15]}
Nb6 {[%clk 1:21:11]} 12. Qd3 {[%clk 1:23:39]} Qd7 {[%clk 1:20:41]} 13. Be3
{[%clk 1:21:51]} Nd5 {[%clk 1:16:17]} 14. O-O {[%clk 1:19:57]} Bd8
{[%clk 1:15:17]} 15. Ne4 {[%clk 1:18:09]} Bb6 {[%clk 1:15:12]} 16. Nd6+
{[%clk 1:18:21]} Kd8 {[%clk 1:13:52]} 17. Nd2 {[%clk 1:17:00]} Bc7
{[%clk 1:11:46]} 18. Nxb7+ {[%clk 1:17:07]} Ke7 {[%clk 1:10:51]} 19. Nc5
{[%clk 1:16:43]} Qd8 {[%clk 1:10:54]} 20. f4 {[%clk 1:15:58]} Bb6
{[%clk 1:10:36]} 21. b4 {[%clk 1:14:09]} Bxc5 {[%clk 1:10:54]} 22. bxc5
{[%clk 1:14:22]} Rb8 {[%clk 1:10:19]} 23. f5 {[%clk 1:13:18]} Kd7
{[%clk 1:08:05]} 24. fxe6+ {[%clk 1:13:16]} fxe6 {[%clk 1:07:18]} 25. Rf7+
{[%clk 1:13:10]} Nge7 {[%clk 1:07:38]} 26. Nc4 {[%clk 1:11:10]} Ke8
{[%clk 1:05:52]} 27. Raf1 {[%clk 1:08:36]} Nf5 {[%clk 1:04:05]} 28. Nd6+
{[%clk 1:05:25]} Qxd6 {[%clk 0:58:41]} 29. exd6 {[%clk 1:05:03]} Kxf7
{[%clk 0:57:15]} 30. g4 {[%clk 1:05:03]} 1-0

[Event "MPA 1580 2024"]
[Site "Sianozety"]
[Date "2024.04.12"]
[Round "6.13"]
[White "Glaz, Marek"]
[Black "Dabek, Wieslaw"]
[Result "1-0"]
[BlackElo "1575"]
[WhiteElo "1456"]
[LiveChessVersion "1.4.4"]

1. e4 {[%clk 1:30:57]} e6 {[%clk 1:30:39]} 2. d4 {[%clk 1:31:21]} d5
{[%clk 1:31:00]} 3. Bd3 {[%clk 1:31:45]} Nc6 {[%clk 1:31:17]} 4. c3
{[%clk 1:30:40]} dxe4 {[%clk 1:30:30]} 5. Bxe4 {[%clk 1:31:03]} Bd7
{[%clk 1:30:53]} 6. Nf3 {[%clk 1:31:04]} Nf6 {[%clk 1:30:50]} 7. Bc2
{[%clk 1:31:01]} Be7 {[%clk 1:28:33]} 8. O-O {[%clk 1:30:26]} O-O
{[%clk 1:28:57]} 9. Re1 {[%clk 1:24:29]} Na5 {[%clk 1:22:39]} 10. Ne5
{[%clk 1:21:37]} Nc6 {[%clk 1:21:02]} 11. Qd3 {[%clk 1:20:31]} Be8
{[%clk 1:15:03]} 12. Bg5 {[%clk 1:20:13]} Nxe5 {[%clk 1:15:15]} 13. Rxe5
{[%clk 1:20:17]} g6 {[%clk 1:13:05]} 14. Bh6 {[%clk 1:20:22]} Ng4
{[%clk 1:12:56]} 15. Bxf8 {[%clk 1:10:10]} Nxe5 {[%clk 1:12:57]} 16. Bxe7
{[%clk 1:09:53]} Nxd3 {[%clk 1:11:55]} 17. Bxd8 {[%clk 1:10:15]} Rxd8
{[%clk 1:10:48]} 18. Bxd3 {[%clk 1:10:34]} e5 {[%clk 1:11:07]} 19. Kf1
{[%clk 0:49:13]} exd4 {[%clk 1:10:44]} 20. Ke2 {[%clk 0:49:28]} dxc3
{[%clk 1:10:54]} 21. Nxc3 {[%clk 0:49:48]} Bc6 {[%clk 1:10:29]} 22. g3
{[%clk 0:49:05]} a6 {[%clk 1:10:40]} 23. Rd1 {[%clk 0:45:02]} Re8+
{[%clk 1:08:26]} 24. Kd2 {[%clk 0:44:45]} Rd8 {[%clk 1:07:57]} 25. Kc2
{[%clk 0:44:54]} Re8 {[%clk 1:07:24]} 26. Bc4 {[%clk 0:40:27]} b5
{[%clk 1:01:01]} 27. Bd5 {[%clk 0:40:32]} Bd7 {[%clk 1:01:16]} 28. Bxf7+
{[%clk 0:40:44]} Kxf7 {[%clk 1:01:36]} 29. Rxd7+ {[%clk 0:41:08]} Re7
{[%clk 1:01:28]} 30. Rxe7+ {[%clk 0:41:01]} Kxe7 {[%clk 1:01:49]} 31. b4
{[%clk 0:39:47]} Ke6 {[%clk 1:01:52]} 32. Kd3 {[%clk 0:39:55]} Ke5
{[%clk 1:01:36]} 33. h4 {[%clk 0:38:35]} c6 {[%clk 1:01:46]} 34. a3
{[%clk 0:38:05]} Kf5 {[%clk 1:01:08]} 35. Ne4 {[%clk 0:36:40]} Kg4
{[%clk 0:58:44]} 36. Ke3 {[%clk 0:36:24]} Kf5 {[%clk 0:56:54]} 37. Nc5
{[%clk 0:36:47]} Ke5 {[%clk 0:55:56]} 38. Nxa6 {[%clk 0:37:05]} Kd5
{[%clk 0:56:19]} 39. Kd3 {[%clk 0:36:55]} 1-0

[Event "MPA 1580 2024"]
[Site "Sianozety"]
[Date "2024.04.12"]
[Round "6.14"]
[White "Kuriata, Pawel"]
[Black "Toczynska, Natalia"]
[Result "1-0"]
[BlackElo "1453"]
[WhiteElo "1571"]
[LiveChessVersion "1.4.4"]

1. e4 {[%clk 1:30:54]} e6 {[%clk 1:30:57]} 2. d4 {[%clk 1:31:12]} d5
{[%clk 1:31:20]} 3. exd5 {[%clk 1:31:33]} exd5 {[%clk 1:31:46]} 4. Nf3
{[%clk 1:31:55]} Nf6 {[%clk 1:32:11]} 5. Bd3 {[%clk 1:32:18]} c5 {[%clk 1:32:14]}
6. dxc5 {[%clk 1:32:15]} Bxc5 {[%clk 1:32:31]} 7. O-O {[%clk 1:32:18]} O-O
{[%clk 1:32:50]} 8. Bf4 {[%clk 1:29:53]} Nc6 {[%clk 1:32:09]} 9. h3
{[%clk 1:27:35]} h6 {[%clk 1:27:24]} 10. a3 {[%clk 1:27:54]} a5 {[%clk 1:27:20]}
11. Nc3 {[%clk 1:24:12]} Be6 {[%clk 1:23:27]} 12. Re1 {[%clk 1:20:21]} Qb6
{[%clk 1:20:48]} 13. Qd2 {[%clk 1:16:43]} Nd4 {[%clk 1:14:12]} 14. Nxd4
{[%clk 1:12:57]} Bxd4 {[%clk 1:13:20]} 15. Nb5 {[%clk 1:11:31]} Bc5
{[%clk 0:49:36]} 16. Bc7 {[%clk 0:56:34]} Qc6 {[%clk 0:48:04]} 17. Bxa5
{[%clk 0:55:35]} Ne4 {[%clk 0:46:50]} 18. Bxe4 {[%clk 0:52:27]} Qxb5
{[%clk 0:45:53]} 19. Bd3 {[%clk 0:47:53]} Qxa5 {[%clk 0:45:05]} 20. Qxa5
{[%clk 0:47:17]} Rxa5 {[%clk 0:44:29]} 21. b4 {[%clk 0:47:36]} Bxf2+
{[%clk 0:44:28]} 22. Kxf2 {[%clk 0:47:52]} Ra7 {[%clk 0:44:43]} 23. a4
{[%clk 0:47:30]} b6 {[%clk 0:42:46]} 24. Ra3 {[%clk 0:46:22]} Rfa8
{[%clk 0:42:22]} 25. Rea1 {[%clk 0:45:43]} Bd7 {[%clk 0:42:03]} 26. a5
{[%clk 0:44:58]} b5 {[%clk 0:42:10]} 27. Rc3 {[%clk 0:42:26]} Rb8
{[%clk 0:39:29]} 28. Ke3 {[%clk 0:41:21]} Be6 {[%clk 0:39:07]} 29. Kd4
{[%clk 0:40:38]} g5 {[%clk 0:37:40]} 30. Rc5 {[%clk 0:39:04]} 1-0

[Event "MPA 1580 2024"]
[Site "Sianozety"]
[Date "2024.04.12"]
[Round "7.1"]
[White "Kopacz, Mikolaj"]
[Black "Lopusiewicz, Marta"]
[Result "1-0"]
[BlackElo "1540"]
[WhiteElo "1513"]
[LiveChessVersion "1.4.4"]

1. e4 {[%clk 1:30:58]} c6 {[%clk 1:30:58]} 2. d4 {[%clk 1:31:20]} d5
{[%clk 1:31:24]} 3. e5 {[%clk 1:31:47]} c5 {[%clk 1:31:50]} 4. dxc5
{[%clk 1:31:48]} Nc6 {[%clk 1:32:06]} 5. Nf3 {[%clk 1:31:43]} Bg4
{[%clk 1:32:13]} 6. Bf4 {[%clk 1:31:06]} e6 {[%clk 1:31:42]} 7. Nc3
{[%clk 1:30:07]} Bxc5 {[%clk 1:31:07]} 8. Be2 {[%clk 1:29:50]} Nge7
{[%clk 1:29:59]} 9. O-O {[%clk 1:29:49]} Bxf3 {[%clk 1:30:12]} 10. Bxf3
{[%clk 1:28:54]} Ng6 {[%clk 1:30:26]} 11. Bg3 {[%clk 1:27:56]} O-O
{[%clk 1:22:32]} 12. Re1 {[%clk 1:27:14]} Bb4 {[%clk 1:21:25]} 13. a3
{[%clk 1:23:13]} Bxc3 {[%clk 1:19:16]} 14. bxc3 {[%clk 1:23:36]} Qc7
{[%clk 1:18:58]} 15. c4 {[%clk 1:09:07]} dxc4 {[%clk 1:03:48]} 16. Rb1
{[%clk 1:07:53]} Rab8 {[%clk 1:02:52]} 17. Qe2 {[%clk 1:06:14]} Nd4
{[%clk 1:00:47]} 18. Qe4 {[%clk 1:06:22]} Nxf3+ {[%clk 1:00:16]} 19. Qxf3 Rfd8
{[%clk 0:58:20]} 20. h4 {[%clk 1:06:43]} Ne7 {[%clk 0:53:02]} 21. Bf4
{[%clk 1:03:53]} h6 {[%clk 0:46:53]} 22. g4 {[%clk 1:02:20]} Ng6 {[%clk 0:43:51]}
23. h5 {[%clk 0:55:09]} Nxf4 {[%clk 0:41:15]} 24. Qxf4 {[%clk 0:55:33]} Rd5
{[%clk 0:34:24]} 25. Qe4 {[%clk 0:44:16]} Qc5 {[%clk 0:30:42]} 26. Rbd1
{[%clk 0:34:35]} Rbd8 {[%clk 0:28:25]} 27. Rxd5 {[%clk 0:34:46]} Rxd5
{[%clk 0:23:10]} 28. Re3 {[%clk 0:28:00]} Rd4 {[%clk 0:20:12]} 29. Qg2
{[%clk 0:26:58]} Qd5 {[%clk 0:17:56]} 30. Qxd5 {[%clk 0:25:06]} exd5
{[%clk 0:18:21]} 31. f3 {[%clk 0:25:16]} Kf8 {[%clk 0:16:21]} 32. Kf2
{[%clk 0:25:17]} Ke7 {[%clk 0:15:53]} 33. Ke2 {[%clk 0:25:27]} Ke6
{[%clk 0:15:37]} 34. c3 {[%clk 0:25:20]} Rd3 {[%clk 0:15:39]} 35. f4
{[%clk 0:25:03]} Rxe3+ {[%clk 0:14:44]} 36. Kxe3 {[%clk 0:25:27]} g6
{[%clk 0:14:36]} 37. Kd4 {[%clk 0:25:30]} b6 {[%clk 0:13:56]} 38. g5
{[%clk 0:22:57]} f6 {[%clk 0:02:18]} 39. gxh6 {[%clk 0:22:26]} g5
{[%clk 0:01:03]} 40. h7 {[%clk 0:21:28]} gxf4 {[%clk 0:00:55]} 41. exf6
{[%clk 0:21:39]} f3 {[%clk 0:01:00]} 42. h8=Q {[%clk 0:21:44]} f2
{[%clk 0:01:19]} 43. Qe8+ {[%clk 0:21:55]} Kxf6 {[%clk 0:01:16]} 44. Qe2
{[%clk 0:22:01]} Kg5 {[%clk 0:01:27]} 45. Qxf2 {[%clk 0:22:16]} Kxh5
{[%clk 0:01:51]} 46. Qg3 {[%clk 0:22:33]} Kh6 {[%clk 0:02:08]} 47. Ke5
{[%clk 0:22:54]} 1-0

[Event "MPA 1580 2024"]
[Site "Sianozety"]
[Date "2024.04.12"]
[Round "7.2"]
[White "Rosiak, Sebastian"]
[Black "Krzeszowiec, Wojciech"]
[Result "0-1"]
[BlackElo "1580"]
[WhiteElo "1547"]
[LiveChessVersion "1.4.4"]

1. e4 {[%clk 1:30:55]} c5 {[%clk 1:30:47]} 2. Nf3 {[%clk 1:31:20]} Nc6
{[%clk 1:31:12]} 3. d4 {[%clk 1:31:43]} cxd4 {[%clk 1:31:36]} 4. Nxd4
{[%clk 1:32:07]} e5 {[%clk 1:31:44]} 5. Nb5 {[%clk 1:32:31]} d6 {[%clk 1:32:07]}
6. c4 {[%clk 1:32:43]} a6 {[%clk 1:31:36]} 7. N5a3 {[%clk 1:33:02]} Be7
{[%clk 1:30:22]} 8. Nc3 {[%clk 1:33:14]} Nf6 {[%clk 1:30:10]} 9. Nc2
{[%clk 1:33:14]} Be6 {[%clk 1:29:50]} 10. Be2 {[%clk 1:33:10]} Rc8
{[%clk 1:29:55]} 11. O-O {[%clk 1:30:59]} O-O {[%clk 1:30:19]} 12. b3
{[%clk 1:25:58]} h6 {[%clk 1:28:34]} 13. Bb2 {[%clk 1:25:54]} Qc7
{[%clk 1:24:54]} 14. Rc1 {[%clk 1:21:48]} Rfd8 {[%clk 1:20:07]} 15. Nd5
{[%clk 1:14:15]} Qb8 {[%clk 1:14:46]} 16. Qd3 {[%clk 1:00:53]} Qa7
{[%clk 1:09:07]} 17. h3 {[%clk 0:56:52]} a5 {[%clk 1:08:13]} 18. Rfd1
{[%clk 0:52:08]} Bxd5 {[%clk 1:05:52]} 19. cxd5 {[%clk 0:51:16]} Nb8
{[%clk 1:04:43]} 20. Ne3 {[%clk 0:46:20]} Nbd7 {[%clk 0:59:23]} 21. Nf5
{[%clk 0:43:02]} Bf8 {[%clk 0:59:38]} 22. Ba3 {[%clk 0:36:18]} Nc5
{[%clk 0:58:55]} 23. Bxc5 {[%clk 0:36:27]} Rxc5 {[%clk 0:59:10]} 24. Rc4
{[%clk 0:29:10]} g6 {[%clk 0:56:16]} 25. Ng3 {[%clk 0:28:19]} Be7
{[%clk 0:55:06]} 26. Rdc1 {[%clk 0:28:05]} Rdc8 {[%clk 0:54:37]} 27. Qe3
{[%clk 0:23:44]} Kg7 {[%clk 0:53:57]} 28. Rxc5 {[%clk 0:22:08]} Rxc5
{[%clk 0:54:10]} 29. Rxc5 {[%clk 0:22:13]} Qxc5 {[%clk 0:54:05]} 30. Qxc5
{[%clk 0:21:40]} dxc5 {[%clk 0:54:29]} 31. f3 {[%clk 0:21:17]} Ne8
{[%clk 0:54:09]} 32. Nf1 {[%clk 0:19:32]} Bg5 {[%clk 0:53:06]} 33. Kf2
{[%clk 0:19:40]} Nd6 {[%clk 0:52:58]} 34. Ne3 {[%clk 0:19:30]} Bxe3+
{[%clk 0:52:01]} 35. Kxe3 {[%clk 0:19:46]} f5 {[%clk 0:47:32]} 36. Kd3
{[%clk 0:09:10]} f4 {[%clk 0:47:27]} 37. Kc3 {[%clk 0:08:52]} Kf6
{[%clk 0:46:16]} 38. a3 {[%clk 0:08:31]} Kg5 {[%clk 0:46:10]} 39. b4
{[%clk 0:08:41]} cxb4+ {[%clk 0:45:07]} 40. axb4 {[%clk 0:08:56]} axb4+
{[%clk 0:45:30]} 41. Kxb4 {[%clk 0:09:18]} b6 {[%clk 0:45:51]} 42. Bb5
{[%clk 0:08:53]} Kh4 {[%clk 0:46:08]} 43. Bd7 {[%clk 0:08:20]} Kg3
{[%clk 0:46:05]} 0-1

[Event "MPA 1580 2024"]
[Site "Sianozety"]
[Date "2024.04.12"]
[Round "7.5"]
[White "Dubel, Daniel"]
[Black "Rogala, Marcin"]
[Result "1-0"]
[BlackElo "1524"]
[WhiteElo "1511"]
[LiveChessVersion "1.4.4"]

1. e4 {[%clk 1:30:57]} e5 {[%clk 1:30:56]} 2. Nf3 {[%clk 1:31:23]} Nc6
{[%clk 1:31:20]} 3. Bc4 {[%clk 1:31:21]} Nf6 {[%clk 1:31:35]} 4. d3
{[%clk 1:31:34]} Be7 {[%clk 1:29:51]} 5. c3 {[%clk 1:26:34]} d5 {[%clk 1:21:27]}
6. exd5 {[%clk 1:22:32]} Nxd5 {[%clk 1:20:25]} 7. O-O {[%clk 1:21:15]} Nb6
{[%clk 1:14:54]} 8. Bb3 {[%clk 1:20:46]} Bg4 {[%clk 1:13:58]} 9. Re1
{[%clk 1:13:40]} Qd6 {[%clk 1:10:50]} 10. a4 {[%clk 1:06:14]} a5 {[%clk 1:09:32]}
11. Na3 {[%clk 1:06:09]} O-O-O {[%clk 1:07:47]} 12. Bxf7 {[%clk 0:55:55]} Rhf8
{[%clk 1:03:19]} 13. Nc4 {[%clk 0:53:27]} Nxc4 {[%clk 1:02:05]} 14. Bxc4
{[%clk 0:53:46]} Bxf3 {[%clk 1:02:23]} 15. gxf3 {[%clk 0:53:44]} Qg6+
{[%clk 1:01:47]} 16. Kh1 {[%clk 0:53:00]} Qh5 {[%clk 0:51:44]} 17. Be6+
{[%clk 0:49:46]} Kb8 {[%clk 0:52:05]} 18. Bg4 {[%clk 0:50:03]} Qh4
{[%clk 0:51:19]} 19. Re4 {[%clk 0:39:29]} h5 {[%clk 0:41:36]} 20. Bd7
{[%clk 0:32:01]} Qf6 {[%clk 0:30:16]} 21. Bxc6 {[%clk 0:30:35]} Qxc6
{[%clk 0:30:32]} 22. Be3 {[%clk 0:25:14]} Rf5 {[%clk 0:25:21]} 23. d4
{[%clk 0:21:19]} Qf6 {[%clk 0:23:13]} 24. Kg2 {[%clk 0:18:33]} exd4
{[%clk 0:21:02]} 25. Rxd4 {[%clk 0:17:21]} Qg6+ {[%clk 0:20:22]} 26. Kf1
{[%clk 0:16:59]} Rdf8 {[%clk 0:18:23]} 27. Qd3 {[%clk 0:16:24]} Qe6
{[%clk 0:16:21]} 28. Rd1 {[%clk 0:13:55]} Qf6 {[%clk 0:11:29]} 29. f4
{[%clk 0:10:21]} Qh4 {[%clk 0:09:55]} 30. b4 {[%clk 0:08:47]} g5 {[%clk 0:09:10]}
31. Rd8+ {[%clk 0:08:28]} 1-0

[Event "MPA 1580 2024"]
[Site "Sianozety"]
[Date "2024.04.12"]
[Round "7.6"]
[White "Krawczyk, Marcin"]
[Black "Przygrodzka, Marzanna"]
[Result "1/2-1/2"]
[BlackElo "1550"]
[WhiteElo "1560"]
[LiveChessVersion "1.4.4"]

1. e4 {[%clk 1:30:57]} c5 {[%clk 1:30:53]} 2. Nf3 {[%clk 1:31:23]} Nc6
{[%clk 1:31:16]} 3. d4 {[%clk 1:31:47]} cxd4 {[%clk 1:31:39]} 4. Nxd4
{[%clk 1:32:13]} Nf6 {[%clk 1:31:57]} 5. Nc3 {[%clk 1:32:30]} e5 {[%clk 1:32:06]}
6. Ndb5 {[%clk 1:32:15]} d6 {[%clk 1:32:19]} 7. Bg5 {[%clk 1:31:54]} a6
{[%clk 1:32:09]} 8. Na3 {[%clk 1:32:03]} b5 {[%clk 1:32:22]} 9. Nd5
{[%clk 1:32:22]} Be7 {[%clk 1:32:41]} 10. Bxf6 {[%clk 1:32:02]} Bxf6
{[%clk 1:32:59]} 11. c3 {[%clk 1:32:11]} Rb8 {[%clk 1:29:17]} 12. Nc2
{[%clk 1:31:53]} Bg5 {[%clk 1:19:06]} 13. Bd3 {[%clk 1:27:53]} O-O
{[%clk 1:05:00]} 14. h4 {[%clk 1:28:18]} Bf4 {[%clk 0:59:55]} 15. g3
{[%clk 1:24:34]} Bh6 {[%clk 1:00:19]} 16. Qf3 {[%clk 1:21:11]} f5
{[%clk 0:54:23]} 17. exf5 {[%clk 1:20:28]} e4 {[%clk 0:38:32]} 18. Bxe4
{[%clk 1:18:41]} Qe8 {[%clk 0:38:39]} 19. O-O {[%clk 1:16:24]} Ne5
{[%clk 0:38:40]} 20. Qg2 {[%clk 1:13:46]} Bxf5 {[%clk 0:37:49]} 21. Bxf5
{[%clk 1:13:41]} Rxf5 {[%clk 0:38:10]} 22. Nce3 {[%clk 1:12:46]} Bxe3
{[%clk 0:37:16]} 23. Nxe3 {[%clk 1:12:44]} Nf3+ {[%clk 0:30:10]} 24. Kh1
{[%clk 1:11:50]} Rf6 {[%clk 0:27:48]} 25. Nd5 {[%clk 1:08:49]} Rf5
{[%clk 0:28:02]} 26. Nf4 {[%clk 1:06:38]} Nxh4 {[%clk 0:27:58]} 27. gxh4
{[%clk 0:51:26]} Rxf4 {[%clk 0:28:14]} 28. Qg3 {[%clk 0:51:45]} Qe4+
{[%clk 0:28:17]} 29. f3 {[%clk 0:50:32]} Rxh4+ {[%clk 0:28:36]} 30. Kg2
{[%clk 0:50:54]} Qe7 {[%clk 0:26:06]} 31. Rfe1 {[%clk 0:46:55]} Qf6
{[%clk 0:26:08]} 32. Re3 {[%clk 0:46:20]} Rh6 {[%clk 0:25:59]} 33. Kf2
{[%clk 0:44:33]} b4 {[%clk 0:26:02]} 34. Rg1 {[%clk 0:42:19]} Rg6
{[%clk 0:24:30]} 35. Qh3 {[%clk 0:40:49]} Rxg1 {[%clk 0:24:34]} 36. Kxg1
{[%clk 0:40:57]} Qg5+ {[%clk 0:24:52]} 37. Kf2 {[%clk 0:41:18]} Qf6
{[%clk 0:21:46]} 38. Qd7 {[%clk 0:39:48]} bxc3 {[%clk 0:16:30]} 39. Re8+
{[%clk 0:37:45]} Rxe8 {[%clk 0:16:49]} 40. Qxe8+ {[%clk 0:38:08]} Qf8
{[%clk 0:17:11]} 41. Qe6+ {[%clk 0:38:09]} Kh8 {[%clk 0:15:23]} 42. bxc3
{[%clk 0:38:18]} h6 {[%clk 0:14:11]} 43. Ke3 {[%clk 0:36:13]} Qd8
{[%clk 0:14:19]} 44. Ke4 {[%clk 0:35:30]} Qh4+ {[%clk 0:13:17]} 45. Kd5
{[%clk 0:32:03]} Qf4 {[%clk 0:11:57]} 46. c4 {[%clk 0:17:24]} Qxf3+
{[%clk 0:09:20]} 47. Kxd6 {[%clk 0:17:42]} Qd3+ {[%clk 0:04:41]} 48. Qd5
{[%clk 0:15:32]} Qg6+ {[%clk 0:04:51]} 49. Kd7 {[%clk 0:13:22]} Qg4+
{[%clk 0:04:46]} 50. Qe6 {[%clk 0:10:42]} Qd4+ {[%clk 0:05:01]} 51. Ke7
{[%clk 0:09:53]} Qc5+ {[%clk 0:04:51]} 52. Kf7 {[%clk 0:09:08]} Qc7+
{[%clk 0:04:55]} 53. Ke8 {[%clk 0:05:56]} Qc5 {[%clk 0:03:29]} 54. Kf7
{[%clk 0:04:31]} Qc7+ {[%clk 0:03:57]} 1/2-1/2